000 00346pab a2200145 454500
008 180718b1995 xxu||||| |||| 00| 0 eng d
100 _aChatterjee, Dwarka Nath
245 _aThe greatest thing in history
260 _c1995
300 _ap.1-9
362 _aSep
650 _aJapan - History
773 _aMan and Development
909 _a29761
999 _c29761
_d29761